000 00781nam a2200217Ia 4500
003 GCL
008 140319s9999 xx 000 0 ara d
040 _aGCL /
_cGCL
082 0 4 _a327.11
_bخ ا
100 1 _aخالد ابن محمد القاسمى
245 1 0 _aالاستراتيجية السياسية والعسكرية لحرب الخليج: الكتاب الاول /
_cخالد ابن محمد القاسمى
260 _a[S.N] :
_bمؤسسة دار الكتاب الحديث ،
_c1992
300 _a167 ص
490 _a
650 0 4 _aالسياسة
650 0 4 _aالخليج العربى
650 0 4 _aحرب الخليج
650 0 4 _aالاستراتيجية الدبلوماسية
650 0 4 _aالاستراتيجية العسكرية
942 _2ddc
_cBK
999 _c35673
_d35673